| 000 | 00787cam a22002532i 4500 | ||
|---|---|---|---|
| 001 | 950786 | ||
| 003 | YEEZEN | ||
| 005 | 20250903151433.0 | ||
| 008 | 241016s2024 ch e 000 0 chi d | ||
| 020 |
_a9786267468456 _q(平裝) : _cNT$460 |
||
| 040 |
_aCIP _dYMG _bchi _c. |
||
| 042 | _anbic | ||
| 082 | _a416.2352 | ||
| 090 | _a416.2352 | ||
| 100 | 1 |
_a連珮如 _e著 |
|
| 245 | 1 | 0 |
_a乳癌,不怕! / _b資深乳醫個管師的全照護筆記,從用藥、手術到調心,解答你聽不懂、記不得、想不到的關鍵80問 _c連珮如著 |
| 250 | _a第一版 | ||
| 260 |
_a臺北市 : _b天下雜誌, _c2024.09 |
||
| 300 |
_a277面 ; _b圖,表 ; _c21公分 |
||
| 650 | 7 |
_2lcstt _a乳癌 |
|
| 650 | 7 |
_2lcstt _a健康照護 |
|
| 650 | 7 |
_2lcstt _a保健常識 |
|
| 942 |
_2ccl _cBOOK |
||
| 999 |
_c7675 _d7675 |
||